000 00900 a2200217 4500
003 BJBSDDR
005 20260421115911.0
007 ta
008 260421b2001 nyu||||| |||| 00| 0 eng d
020 _a9781573228572
040 _beng
_cBJBSDDR
041 _aeng
050 _aL616 2001
100 1 _aLerner, Betsy
_948033
245 _aThe forest for the trees :
_ban editor's advice to writers /
_cBetsy Lerner
260 _aNew York ;
_bRiverhead Books :
_c2001.
300 _a284 pages :
_c21 cm .
520 _aIn her many years working for major New York publishing houses, Lerner has learned again and again that writers don't know what editors do with manuscripts. This informal insider's guide to nursing your book to publication is a quirky literary equivalent to the classic "How a Bill Becomes a Law". A portable survival school for authors.
942 _2lcc
_n0
_cBK
946 _isba
999 _c126863
_d126863